[Event "WYCC 2018 O16"]
[Site "Halkidiki"]
[Date "2018.10.21"]
[Round "3"]
[White "Stefan, Victor"]
[Black "Kaasen, Tor Fredrik"]
[Result "0-1"]
[WhiteElo "1998"]
[BlackElo "2388"]
[Annotator "TA"]
[PlyCount "66"]
[EventDate "2018.10.20"]
[EventType "swiss"]
[EventCountry "GRE"]
[SourceTitle "playchess.com"]
[Source "ChessBase"]
[SourceQuality "1"]

{[%evp 24,66,0,-6,30,0,16,19,6,0,0,0,8,-42,7,24,0,-106,-83,-108,-103,-122,-45,-66,-68,-65,-67,-68,-64,-75,-45,-57,-20,-80,-75,-151,-156,-570,-566,-504,-386,-492,-499,-541,-505]} 1. c4 e6 2. Nc3 d5 3. e3 Nf6 4. Nf3 Be7 5. b3 O-O 6. Bb2 b6 7. g3 c5 8. Bg2 Bb7 9. O-O dxc4 10. bxc4 Nc6 11. Qe2 Qc7 12. Ne1 {A14: English Opening: 1...e6 with b3 by White} (12. Rac1 Rfd8 13. Rfd1 Na5 14. Ne1 Bxg2 15. Nxg2 Qb7 16. f4 a6 17. Ba1 Ne4 18. Nxe4 Qxe4 19. d3 Qg6 {0-1 (47) Caruana,F (2807)-Aronian,L (2799) Saint Louis 2017}) 12... Rfd8 13. f4 {LiveBook: 3 Games} Rd7 14. g4 {White has an edge.} Rad8 15. Rd1 Nb4 16. g5 $146 ({Predecessor:} 16. Bxb7 Qxb7 17. d3 a6 18. a3 Nc6 19. g5 Ne8 20. Rf3 f5 21. gxf6 Nxf6 22. Rg3 e5 23. Qg2 Nh5 24. Rh3 Nf6 25. Rg3 Nh5 26. Rh3 {½-½ (26) Nielsen,P (2215)-Ochsner,T (2317) Denmark 2013}) 16... Bxg2 17. Nxg2 Ne8 18. Rf3 Qb7 {Threatens to win with ...Rxd2!} 19. Rh3 g6 20. Nh4 (20. Ne1 $1 $11) 20... Ng7 21. Nf3 Nd3 22. Ba1 {[#]} Nh5 (22... Qa6 $1 $17 23. Nd5 exd5 24. Qxd3 Qxc4 25. Qxc4 dxc4) 23. Nd5 exd5 24. Qxd3 d4 25. Ne5 Rd6 26. Ng4 dxe3 27. Qxe3 {Hoping for Rxh5!} Re6 $1 {[%cal Re6e3]} 28. Qf2 ({Don't blunder} 28. Qc3 $2 Rd4 $19) (28. Nh6+ $11 {remains equal.} Kf8 29. Be5) 28... Qe4 $40 {[%mdl 128] Black goes for the king.} 29. Be5 {[#]} (29. Nh6+ $142 Kf8 30. Qf1) 29... Bxg5 $1 $17 {[%cal Rh5f4][%mdl 512]} 30. Rxh5 $2 (30. Rf1 $17) (30. fxg5 Qxg4+) 30... gxh5 $19 31. Re1 Qd3 32. fxg5 {Nh6+ is the strong threat.} hxg4 33. Bc3 Qf3 {Precision: White = 28%, Black = 74%.} 0-1

[Event "WYCC 2018 O16"]
[Site "Halkidiki"]
[Date "2018.10.21"]
[Round "3"]
[White "Zenelaj, Samuel"]
[Black "Milosevic, Milos"]
[Result "0-1"]
[WhiteElo "1952"]
[BlackElo "2306"]
[Annotator "NA"]
[PlyCount "92"]
[EventDate "2018.10.20"]
[EventType "swiss"]
[EventCountry "GRE"]
[SourceTitle "playchess.com"]
[Source "ChessBase"]
[SourceQuality "1"]
[TimeControl "40/5400+30:1800+30"]

1. c4 {[%emt 0:00:00]} Nf6 {[%emt 0:00:00]} 2. Nc3 {[%emt 0:00:00]} g6 {[%emt 0:00:00]} 3. g3 {[%emt 0:00:00]} Bg7 {[%emt 0:00:00]} 4. Bg2 {[%emt 0:00:00]} O-O {[%emt 0:00:00] LiveBook: 4721 Games} 5. e3 {[%emt 0:00:19]} e5 {[%emt 0:01:25]} 6. Nge2 {[%emt 0:00:29]} Nc6 {[%emt 0:00:30]} 7. O-O d6 8. d3 {[%emt 0:01:00]} Be6 {[%emt 0:00:45]} 9. Nd5 {[%emt 0:01:53]} Qd7 {[%emt 0:04:37]} 10. a3 {[%emt 0:04:29] A25: English Opening vs King's Indian with ...Nc6 but without early d3} (10. Nec3 Ne8 11. f4 f5 12. Qa4 Kh8 13. Bd2 Nd8 14. Qxd7 Bxd7 15. Ne2 c6 16. Ndc3 Ne6 17. b4 a6 18. Rab1 {0-1 (38) Ivanchuk,V (2726)-Mchedlishvili,M (2603) Riadh 2017}) 10... Bh3 {[%emt 0:02:05]} 11. Nec3 {[%emt 0:03:47]} Nxd5 $146 {[%emt 0:01:16]} ({Predecessor:} 11... Bxg2 12. Kxg2 Ne8 13. b4 f5 14. Bb2 Nd8 15. b5 c6 {0-1 (31) Iman S,O (2340)-Wu,S (2435) Singapore 1997}) 12. Bxh3 {[%emt 0:03:45]} Qxh3 {[%emt 0:01:35]} 13. Nxd5 {[%emt 0:02:19]} Qd7 {[%emt 0:00:33]} 14. Rb1 {[%emt 0:07:39]} Nd8 15. b4 {[%emt 0:11:08]} c6 {[%emt 0:03:03]} 16. Nc3 {[%emt 0:00:06]} Ne6 {[%emt 0:00:23]} 17. Ne2 {[%emt 0:05:46]} d5 {[%emt 0:03:07]} 18. b5 {[%emt 0:04:00]} Rad8 $17 {[%emt 0:00:51]} 19. Qa4 {[%emt 0:07:45]} dxc4 {[%emt 0:03:06]} 20. dxc4 {[%emt 0:04:37]} Qd3 {[%emt 0:00:45]} 21. Rb2 {[%emt 0:01:09]} Ng5 {[%emt 0:00:27]} 22. f3 {[%emt 0:06:57]} e4 {[%emt 0:00:35]} 23. Nf4 {[%emt 0:00:55]} Nxf3+ {[%emt 0:07:37]} 24. Rxf3 {[%emt 0:00:14]} Qd1+ {[%emt 0:00:06]} 25. Qxd1 {[%emt 0:00:04]} Rxd1+ {[%emt 0:00:08]} 26. Rf1 {[%emt 0:00:04]} Rxc1 {[%emt 0:00:23]} 27. Rb4 {[%emt 0:02:48]} Rc3 {[%emt 0:02:09]} 28. Ra4 {[%emt 0:01:12]} Rxe3 {[%emt 0:00:36]} 29. Rxa7 {[%emt 0:00:20]} cxb5 {[%emt 0:00:43]} 30. cxb5 {[%emt 0:00:37]} Bd4 {[%emt 0:04:57]} 31. Rxb7 {[%emt 0:06:18]} Rxg3+ {[%emt 0:00:17]} 32. Kh1 {[%emt 0:00:08]} Rxa3 {[%emt 0:01:49]} 33. Re7 {[%emt 0:00:32]} Rf3 {[%emt 0:01:13]} 34. Rd1 {[%emt 0:01:19]} Rxf4 {[%emt 0:06:16]} 35. Rxd4 {[%emt 0:00:09]} Rf1+ {[%emt 0:00:48]} 36. Kg2 {[%emt 0:01:23]} Rb1 {[%emt 0:00:09]} 37. Rd5 {[%emt 0:00:49]} Rb4 {[%emt 0:02:34]} 38. Kg3 {[%emt 0:01:41]} Rc8 {[%emt 0:01:26]} 39. Kf4 {[%emt 0:01:38]} Rc1 {[%emt 0:00:59]} 40. Ke3 {[%emt 0:00:00]} Rc3+ {[%emt 0:00:00]} 41. Kd2 {[%emt 0:08:22]} Rh3 {[%emt 0:01:40]} 42. Rdd7 {[%emt 0:01:21]} Rf3 {[%emt 0:00:28]} 43. Ke2 {[%emt 0:01:35]} Rb2+ {[%emt 0:00:58]} 44. Ke1 {[%emt 0:00:26]} Rxb5 {[%emt 0:00:19]} 45. Rxe4 {[%emt 0:00:23]} Rb2 {[%emt 0:00:16]} 46. h4 {[%emt 0:01:40]} Rh3 {[%emt 0:00:19]} 0-1

[Event "WYCC 2018 O16"]
[Site "Halkidiki"]
[Date "2018.10.21"]
[Round "3"]
[White "Araoz Andrade, Ivan Alexander"]
[Black "Jakab, Bela"]
[Result "0-1"]
[WhiteElo "1919"]
[BlackElo "2285"]
[Annotator "NA"]
[PlyCount "112"]
[EventDate "2018.10.20"]
[EventType "swiss"]
[EventCountry "GRE"]
[SourceTitle "playchess.com"]
[Source "ChessBase"]
[SourceQuality "1"]
[TimeControl "40/5400+30:1800+30"]

1. d4 {[%emt 0:00:00]} d5 {[%emt 0:00:00]} 2. c4 {[%emt 0:00:00]} c6 {[%emt 0:00:00]} 3. cxd5 {[%emt 0:00:00]} cxd5 {[%emt 0:00:00]} 4. Nc3 {[%emt 0:00:00]} Nf6 {[%emt 0:00:04]} 5. Bf4 {[%emt 0:00:08]} Nc6 6. e3 {[%emt 0:00:30]} a6 7. Bd3 Bg4 {[%emt 0:04:57]} 8. Nf3 {[%emt 0:01:38]} e6 {[%emt 0:00:54]} 9. O-O {[%emt 0:00:14]} Bd6 {[%emt 0:02:49]} 10. Bxd6 {[%emt 0:00:07]} Qxd6 {[%emt 0:00:05]} 11. Rc1 {[%emt 0:01:35]} O-O {[%emt 0:00:37]} 12. a3 {[%emt 0:01:01]} Rac8 {[%emt 0:06:13]} 13. Na4 {[%emt 0:03:05]} e5 {[%emt 0:07:54]} 14. dxe5 Nxe5 15. Be2 {[%emt 0:09:14]} Rxc1 {[%emt 0:11:35]} 16. Qxc1 {[%emt 0:00:47]} Nxf3+ {[%emt 0:00:17]} 17. Bxf3 {[%emt 0:00:14]} Bxf3 {[%emt 0:00:13]} 18. gxf3 $15 {[%emt 0:00:01]} Nd7 {[%emt 0:14:32]} 19. Nc3 {[%emt 0:06:35]} Ne5 {[%emt 0:20:31]} 20. Qd1 {[%emt 0:17:36]} Rd8 {[%emt 0:00:17]} 21. f4 {[%emt 0:03:24]} Nc4 {[%emt 0:02:37]} 22. Qe2 {[%emt 0:01:26]} Qg6+ {[%emt 0:01:11]} 23. Kh1 {[%emt 0:00:16]} Qc6 {[%emt 0:00:20]} 24. Kg1 {[%emt 0:02:54]} Rd6 {[%emt 0:04:35]} 25. Rd1 {[%emt 0:03:33]} d4 {[%emt 0:05:50]} 26. Ne4 {[%emt 0:04:20]} d3 {[%emt 0:05:22]} 27. Qg4 {[%emt 0:02:16]} h5 {[%emt 0:01:18]} 28. Qf5 {[%emt 0:01:58]} Rd5 {[%emt 0:03:42]} 29. Qh3 {[%emt 0:01:31]} Nxb2 {[%emt 0:00:13]} 30. Rd2 {[%emt 0:00:24]} Nc4 {[%emt 0:00:44]} 31. Rd1 {[%emt 0:00:32]} d2 {[%emt 0:01:07]} 32. Ng5 {[%emt 0:04:02]} Nb2 {[%emt 0:03:51]} 33. Qxh5 {[%emt 0:02:27]} Rxg5+ {[%emt 0:00:28]} 34. Qxg5 {[%emt 0:00:25]} Nxd1 {[%emt 0:00:06]} 35. Qd8+ {[%emt 0:00:26]} Kh7 {[%emt 0:00:05]} 36. Qxd2 {[%emt 0:00:16]} Nc3 {[%emt 0:00:51]} 37. f3 {[%emt 0:01:40]} b5 {[%emt 0:02:24]} 38. e4 {[%emt 0:00:58]} Qc5+ {[%emt 0:00:31]} 39. Kg2 {[%emt 0:00:24]} a5 {[%emt 0:01:31]} 40. Qd7 {[%emt 0:00:00]} Qb6 {[%emt 0:00:00]} 41. h4 {[%emt 0:05:33]} b4 {[%emt 0:07:19]} 42. h5 {[%emt 0:02:33]} Qe6 {[%emt 0:01:06]} 43. Qd3 {[%emt 0:01:05]} Kh6 {[%emt 0:09:58]} 44. Qd8 {[%emt 0:00:59]} Kh7 {[%emt 0:01:43]} 45. Qxa5 {[%emt 0:01:00]} bxa3 {[%emt 0:01:42]} 46. Qxc3 {[%emt 0:12:34]} Qa6 {[%emt 0:00:36]} 47. Kg3 {[%emt 0:03:56]} a2 {[%emt 0:00:33]} 48. Qa1 {[%emt 0:00:01]} Qa3 {[%emt 0:01:08]} 49. Kg4 {[%emt 0:01:19]} Qb3 {[%emt 0:01:53]} 50. h6 {[%emt 0:00:43]} gxh6 {[%emt 0:00:29]} 51. Kh5 {[%emt 0:03:35]} Qb1 {[%emt 0:00:49]} 52. Qf6 {[%emt 0:00:33]} Qh1+ {[%emt 0:00:30]} 53. Kg4 {[%emt 0:00:07]} a1=Q {[%emt 0:00:36]} 54. Qf5+ {[%emt 0:01:04]} Kg7 {[%emt 0:00:09]} 55. Qb5 {[%emt 0:00:25]} Qag1+ {[%emt 0:00:12]} 56. Kf5 {[%emt 0:00:02]} Qh5# {[%emt 0:00:13]} 0-1

[Event "WYCC 2018 O16"]
[Site "Halkidiki"]
[Date "2018.10.22"]
[Round "4"]
[White "Gavrilescu, David"]
[Black "Bekturov, Tamerlan"]
[Result "1-0"]
[WhiteElo "2481"]
[BlackElo "2297"]
[Annotator "TA"]
[PlyCount "49"]
[EventDate "2018.10.20"]
[EventType "swiss"]
[EventCountry "GRE"]
[SourceTitle "playchess.com"]
[Source "ChessBase"]
[SourceQuality "1"]

{[%evp 16,49,24,-45,13,4,22,20,30,45,29,43,49,47,45,39,41,41,43,46,50,58,57,0,103,123,265,170,160,109,291,150,508,508,29989,29990]} 1. e4 c6 2. d4 d5 3. exd5 cxd5 4. Nf3 Nc6 5. Ne5 Nf6 6. c3 g6 7. Bd3 Bg7 {B13: Caro-Kann (Abtausch-Variante 4.c4)} 8. O-O O-O 9. Re1 {LiveBook: 3 Partien} (9. f4 $11) (9. Qe2 Nd7 10. f4 Nf6 11. Be3 Bf5 12. Nd2 Bxd3 13. Qxd3 {1-0 (58) Carlsen,M (2765)-Leko,P (2741) Miskolc 2008}) 9... Nd7 (9... Nxe5 $15 10. dxe5 Nd7) 10. Nxd7 $11 Qxd7 11. Bf4 $146 ({Vorgänger:} 11. Nd2 e5 12. dxe5 Nxe5 13. Nb3 Nxd3 14. Qxd3 Qf5 15. Rd1 Qxd3 16. Rxd3 {1-0 (64) Labib,I (2432)-Molina,J (2258) Bled 2002}) 11... Re8 12. Nd2 e5 13. dxe5 Nxe5 14. Nf3 $36 {[%mdl 2048] Weiss kämpft um Vorteil.} Nxd3 15. Qxd3 Rxe1+ 16. Rxe1 Qa4 17. Be5 Bxe5 18. Rxe5 Be6 19. h4 (19. a3 $14) 19... Qc4 (19... Qxa2 $11 {hält das Gleichgewicht.} 20. Qe2 Qa6) 20. Qe3 $16 Kg7 (20... Qc7 $16 21. Nd4 Re8) 21. Nd4 Re8 22. f4 (22. Nxe6+ $142 Rxe6 23. Rxe6 fxe6 24. Qxe6) 22... Kf6 $2 {[#]} (22... Qc8 $16) 23. Nf3 ({Besser ist} 23. h5 $18) 23... Qc8 $2 (23... Ke7 $16) 24. f5 $18 Bd7 (24... Kg7 $18 25. fxe6 Rxe6) 25. Qd4 {Precision: Weiß = 37%, Schwarz = 19%.} 1-0

[Event "WYCC 2018 O16"]
[Site "Halkidiki"]
[Date "2018.10.22"]
[Round "4"]
[White "Sargsyan, Shant"]
[Black "Sankalp Gupta"]
[Result "1-0"]
[WhiteElo "2463"]
[BlackElo "2352"]
[Annotator "TA"]
[PlyCount "67"]
[EventDate "2018.10.20"]
[EventType "swiss"]
[EventCountry "GRE"]
[SourceTitle "playchess.com"]
[Source "ChessBase"]
[SourceQuality "1"]

{[%evp 19,67,33,30,26,43,43,77,69,85,78,85,75,76,12,103,84,88,85,75,55,217,215,205,212,208,207,197,200,203,207,244,205,279,279,275,269,269,270,256,275,274,272,268,259,260,255,255,242,274,262]} 1. Nf3 Nf6 2. c4 e6 3. g3 d5 4. d4 Bb4+ 5. Bd2 Bd6 6. Nc3 {E01: Catalan: Early deviations} c6 7. Bg5 O-O 8. Bg2 Nbd7 9. e4 dxe4 10. Nxe4 Bb4+ {LiveBook: 12 Games} 11. Nc3 h6 12. Bf4 c5 $146 ({Predecessor:} 12... e5 13. dxe5 {0-1 (80) Bogosavljevic,B (2520)-Ding,L (2764) Novi Sad 2016}) 13. O-O cxd4 14. Qxd4 Nb6 15. Qxd8 Rxd8 16. Ne5 ({White should play} 16. Rfd1 $16 Bd7 17. Ne5) 16... Nfd7 (16... Ne8 $11) 17. Rfd1 f6 18. Nxd7 Rxd7 19. Nb5 $36 {[%mdl 2048] And now Nc7 would win. White has some pressure.} Nxc4 $2 {[#]} ({Better is} 19... g5 $1 $14 20. Bd6 a6) 20. Nc7 $1 $18 {[%cal Rc7a8]} Rb8 {[#]} 21. Na6 $1 {[%mdl 512]} bxa6 22. Bxb8 {Hoping for Rac1.} Nxb2 23. Rxd7 Bxd7 24. Bxa7 Kf7 25. Bf1 a5 26. Rc1 Ke8 27. Rc2 Na4 28. Rc7 Nc3 29. a3 Nd5 30. Rxd7 $1 ({Weaker is} 30. axb4 Nxc7 31. bxa5 Bb5 $14) 30... Kxd7 31. axb4 axb4 32. Bc4 Kd6 33. Kf1 Ne7 34. Bb8+ {Precision: White = 89%, Black = 46%.} 1-0

[Event "WYCC 2018 O16"]
[Site "Halkidiki"]
[Date "2018.10.22"]
[Round "4"]
[White "Kozak, Adam"]
[Black "Duda, Daniel"]
[Result "1-0"]
[WhiteElo "2445"]
[BlackElo "1985"]
[Annotator "TA"]
[PlyCount "53"]
[EventDate "2018.10.20"]
[EventType "swiss"]
[EventCountry "GRE"]
[SourceTitle "playchess.com"]
[Source "ChessBase"]
[SourceQuality "1"]

{[%evp 22,53,30,21,30,25,86,35,35,34,33,34,49,34,45,0,35,20,113,87,112,82,122,125,154,149,136,58,178,186,254,224,1020,1009]} 1. d4 d5 2. c4 e6 3. Nc3 Nf6 4. cxd5 exd5 5. Bg5 c6 6. e3 Be7 7. Bd3 Nbd7 8. Qc2 h6 9. Bh4 Nh5 10. Bxe7 {D36: Queen's Gambit Declined: Exchange Variation: Main line (5 Bg5 c6 6 Qc2)} Qxe7 11. O-O-O Nb6 12. h3 {LiveBook: 21 Games. White has an edge.} (12. Nf3 Nf6 13. Kb1 Be6 14. Ka1 O-O-O 15. Na4 Kb8 16. Rc1 Rhe8 17. Nc5 Bc8 {1-0 (50) Nepomniachtchi,I (2757)-Nisipeanu,L (2672) Dortmund 2018}) 12... g6 13. Nf3 Ng7 (13... Nf6 $11) 14. Rhe1 (14. g4 $1 $16) 14... Be6 $14 15. Kb1 O-O-O {[#]} 16. Na4 $146 ({Predecessor:} 16. Ne5 Rhe8 17. g4 g5 {1-0 (54) Schandorff,L (2537)-Lund,S (2431) Borup 2008}) 16... Nxa4 17. Qxa4 Kb8 18. Re2 Rhe8 19. Rc2 Bf5 (19... Rc8 $11 {remains equal.}) 20. Ne5 $16 {[%cal Bf3e5,Be5d3,Bd3c5,Bc5a6][%mdl 32]} Rd6 21. Bxf5 Nxf5 22. Rd3 $1 {[%cal Rd3a3] Ra3 is the strong threat.} Qc7 23. Ra3 $36 {[%mdl 2048] White is on the roll.} a6 24. Rb3 (24. g4 $16 Nh4 25. Qb4) 24... Ka7 {[#]} (24... Ka8 $14) 25. Nd3 $1 $18 Rf6 (25... Rb8 {was called for.} 26. Ra3 Rc8) 26. Nc5 Nd6 $2 {[#]} (26... Rb8 27. e4 dxe4) 27. Nxa6 $1 {[%mdl 512] Precision: White = 56%, Black = 15%.} 1-0

[Event "WYCC 2018 O16"]
[Site "Halkidiki"]
[Date "2018.10.22"]
[Round "4"]
[White "Vrolijk, Liam"]
[Black "Davtyan, Artur"]
[Result "1/2-1/2"]
[WhiteElo "2437"]
[BlackElo "2374"]
[Annotator "NA"]
[PlyCount "191"]
[EventDate "2018.10.20"]
[EventType "swiss"]
[EventCountry "GRE"]
[SourceTitle "playchess.com"]
[Source "ChessBase"]
[SourceQuality "1"]
[TimeControl "40/5400+30:1800+30"]

1. c4 {[%emt 0:00:00] Krasenkow,M} e6 {[%emt 0:00:00]} 2. Nc3 {[%emt 0:00:00]} d5 {[%emt 0:00:00]} 3. d4 {[%emt 0:00:00]} Be7 {[%emt 0:00:06]} 4. Nf3 {[%emt 0:00:06]} Nf6 {[%emt 0:00:04]} 5. Bf4 {[%emt 0:00:08]} O-O {[%emt 0:01:52]} 6. e3 {[%emt 0:00:07]} Nbd7 {[%emt 0:00:06]} 7. a3 {[%emt 0:00:18] D37: Queen's Gambit Declined: 5 Bf4} c5 {[%emt 0:07:46]} 8. cxd5 {[%emt 0:00:14]} Nxd5 {[%emt 0:00:04]} 9. Nxd5 {[%emt 0:00:08]} exd5 {[%emt 0:00:01]} 10. dxc5 {[%emt 0:00:17]} Nxc5 {[%emt 0:00:06]} 11. Be5 {[%emt 0:00:22]} Bg4 {[%emt 0:00:59]} 12. Be2 {[%emt 0:00:16]} Bxf3 {[%emt 0:01:07]} 13. Bxf3 {[%emt 0:00:07]} Bf6 {[%emt 0:00:05]} 14. Bxf6 {[%emt 0:00:12]} Qxf6 {[%emt 0:00:01] [#]} 15. Qc2 $146 {[%emt 0:00:14]} Rac8 {[%emt 0:27:53]} 16. Bxd5 {[%emt 0:00:18]} Qa6 {[%emt 0:21:19]} 17. Rd1 {[%emt 0:00:32]} Na4 {[%emt 0:03:24]} 18. Qb3 {[%emt 0:02:01]} Qa5+ {[%emt 0:12:46]} 19. Kf1 {[%emt 0:00:50]} Qa6+ {[%emt 0:00:41]} 20. Kg1 {[%emt 0:02:30]} Nc5 {[%emt 0:01:27]} 21. Qc2 {[%emt 0:15:32]} Nd3 {[%emt 0:04:34]} 22. Qd2 {[%emt 0:24:19]} Qb5 {[%emt 0:01:20]} 23. h4 {[%emt 0:04:28]} Qxd5 {[%emt 0:04:21]} 24. Qxd3 {[%emt 0:00:09]} Qxd3 {[%emt 0:03:05]} 25. Rxd3 {[%emt 0:00:02]} Rfd8 {[%emt 0:00:04]} 26. Rxd8+ {[%emt 0:05:26]} Rxd8 {[%emt 0:00:04]} 27. h5 {[%emt 0:02:06]} Rd2 {[%emt 0:04:01]} 28. b4 {[%emt 0:01:38]} Ra2 {[%emt 0:06:07]} 29. Rh4 {[%emt 0:00:13]} Ra1+ {[%emt 0:00:35]} 30. Kh2 {[%emt 0:00:03]} Rxa3 {[%emt 0:00:28]} 31. Rc4 {[%emt 0:00:07]} h6 {[%emt 0:00:29]} 32. Rc8+ {[%emt 0:00:20]} Kh7 {[%emt 0:00:01]} 33. Rc7 {[%emt 0:00:08]} Ra4 {[%emt 0:01:02]} 34. Rxb7 $16 {[%emt 0:01:52]} Kg8 {[%emt 0:00:14]} 35. Kg3 {[%emt 0:06:23]} Ra3 {[%emt 0:00:34]} 36. Rb8+ {[%emt 0:01:13]} Kh7 {[%emt 0:00:01]} 37. Rf8 {[%emt 0:00:12]} f6 {[%emt 0:00:12]} 38. Kf3 {[%emt 0:03:20]} Rb3 {[%emt 0:00:36]} 39. Ra8 {[%emt 0:03:28]} Rxb4 {[%emt 0:00:13]} 40. Rxa7 {[%emt 0:00:00]} Kg8 {[%emt 0:00:00]} 41. g4 {[%emt 0:06:59]} Rb2 {[%emt 0:01:35]} 42. Kg3 {[%emt 0:00:15]} Re2 {[%emt 0:00:14]} 43. Rb7 {[%emt 0:00:39]} Kf8 {[%emt 0:00:20]} 44. Kf3 {[%emt 0:00:38]} Rc2 {[%emt 0:00:35]} 45. e4 Ra2 {[%emt 0:00:23]} 46. Ke3 {[%emt 0:00:59]} Rc2 {[%emt 0:03:35]} 47. Rd7 {[%emt 0:00:42]} Rc1 {[%emt 0:03:02]} 48. Kf4 {[%emt 0:00:47]} Rc5 {[%emt 0:00:26]} 49. f3 Ra5 {[%emt 0:00:59]} 50. Rd5 {[%emt 0:03:19]} Ra3 51. Rb5 Kf7 {[%emt 0:01:16]} 52. Rb7+ {[%emt 0:00:28]} Kg8 {[%emt 0:00:04]} 53. Rd7 {[%emt 0:01:23]} Kh7 54. Rb7 Rc3 {[%emt 0:06:22]} 55. Rb8 {[%emt 0:01:43]} Rd3 {[%emt 0:00:38]} 56. Kg3 {[%emt 0:00:14]} Ra3 {[%emt 0:00:18]} 57. Rd8 {[%emt 0:00:01]} Ra4 58. Kf2 {[%emt 0:00:09]} Ra2+ {[%emt 0:09:50]} 59. Ke3 {[%emt 0:00:07]} Ra3+ {[%emt 0:02:00]} 60. Rd3 {[%emt 0:04:21]} Ra1 {[%emt 0:00:48]} 61. Kd4 Kg8 62. Kc5 {[%emt 0:01:29]} Rf1 {[%emt 0:01:05]} 63. Kd5 {[%emt 0:02:49]} Kf7 {[%emt 0:01:09]} 64. Kd4 {[%emt 0:00:11]} Re1 {[%emt 0:01:03]} 65. Rc3 Rd1+ {[%emt 0:00:13]} 66. Ke3 {[%emt 0:00:35]} Ra1 {[%emt 0:00:38]} 67. Rc5 {[%emt 0:01:04]} Ra3+ {[%emt 0:01:51]} 68. Kf4 {[%emt 0:01:54]} Kf8 {[%emt 0:00:47]} 69. Rb5 {[%emt 0:00:36]} Kf7 {[%emt 0:00:12]} 70. Rb7+ Kg8 71. Re7 {[%emt 0:01:01]} Ra5 {[%emt 0:00:49]} 72. Rd7 {[%emt 0:00:12]} Kf8 {[%emt 0:00:49]} 73. Rd5 {[%emt 0:01:47]} Ra3 {[%emt 0:00:00]} 74. Rc5 {[%emt 0:00:35]} Kf7 75. e5 {[%emt 0:00:22]} fxe5+ {[%emt 0:00:25]} 76. Rxe5 Rb3 {[%emt 0:00:19]} 77. Rc5 {[%emt 0:00:31]} Ra3 {[%emt 0:00:20]} 78. Ke4 {[%emt 0:00:09]} Ra6 {[%emt 0:00:38]} 79. f4 Re6+ 80. Kd5 {[%emt 0:01:13]} Re3 {[%emt 0:01:16]} 81. Rc7+ {[%emt 0:00:09]} Kf6 {[%emt 0:00:28]} 82. Rc6+ {[%emt 0:00:23]} Kf7 {[%emt 0:00:04]} 83. Rg6 {[%emt 0:00:07]} Re1 {[%emt 0:00:16]} 84. Kd4 {[%emt 0:00:30]} Ra1 {[%emt 0:00:45]} 85. f5 {[%emt 0:00:38]} Ra4+ {[%emt 0:00:04]} 86. Ke3 {[%emt 0:00:06]} Ra3+ {[%emt 0:00:36]} 87. Kf4 Ra4+ {[%emt 0:00:00]} 88. Kg3 {[%emt 0:00:13]} Ra3+ 89. Kh4 {[%emt 0:00:08]} Rf3 {[%emt 0:00:28]} 90. Ra6 {[%emt 0:00:06]} Ke7 {[%emt 0:00:18]} 91. Re6+ {[%emt 0:00:14]} Kf7 {[%emt 0:00:01]} 92. Rg6 {[%emt 0:00:09]} Kf8 {[%emt 0:01:31]} 93. g5 {[%emt 0:00:41]} Rf4+ {[%emt 0:00:11]} 94. Kg3 {[%emt 0:00:06]} Rxf5 {[%emt 0:00:11]} 95. gxh6 {[%emt 0:00:09]} Rxh5 {[%emt 0:00:26]} 96. Rxg7 {[%emt 0:00:06]} 1/2-1/2

[Event "WYCC 2018 O16"]
[Site "Halkidiki"]
[Date "2018.10.22"]
[Round "4"]
[White "Blohberger, Felix"]
[Black "Stevanic, David"]
[Result "1-0"]
[WhiteElo "2433"]
[BlackElo "2281"]
[Annotator "NA"]
[PlyCount "73"]
[EventDate "2018.10.20"]
[EventType "swiss"]
[EventCountry "GRE"]
[SourceTitle "playchess.com"]
[Source "ChessBase"]
[SourceQuality "1"]
[TimeControl "40/5400+30:1800+30"]

1. e4 {[%emt 0:00:00]} e5 {[%emt 0:00:00]} 2. Nf3 {[%emt 0:00:00]} Nc6 {[%emt 0:00:00]} 3. Bb5 {[%emt 0:00:00]} a6 {[%emt 0:00:00]} 4. Ba4 {[%emt 0:00:00]} Nf6 {[%emt 0:00:00]} 5. O-O {[%emt 0:00:03]} Be7 {[%emt 0:00:00] LiveBook: 36347 Games} 6. Re1 {[%emt 0:00:15]} b5 {[%emt 0:00:11]} 7. Bb3 {[%emt 0:00:06]} O-O {[%emt 0:00:05]} 8. a4 {[%emt 0:00:40]} b4 {[%emt 0:03:49]} 9. a5 {[%emt 0:00:21]} d6 {[%emt 0:01:56]} 10. d3 {[%emt 0:00:30]} Bg4 {[%emt 0:02:23]} 11. c3 {[%emt 0:00:17] C88: Closed Ruy Lopez: Anti-Marshall Systems} (11. Nbd2 Nd4 12. Bc4 c5 13. h3 Bxf3 14. Nxf3 Nc6 15. Bg5 Nxa5 16. Bxf6 Bxf6 17. Bd5 Ra7 18. c3 Qb6 {½-½ (57) Barbosa,O (2538)-Wang,Y (2716) Jakarta 2011}) 11... d5 {[%emt 0:03:27]} 12. h3 {[%emt 0:10:10]} Bxf3 {[%emt 0:09:10]} 13. Qxf3 {[%emt 0:00:09]} dxe4 $146 {[%emt 0:04:04]} ({Predecessor:} 13... bxc3 14. bxc3 d4 15. Bd5 Nxd5 16. exd5 Na7 17. c4 f6 18. Nd2 Bb4 {0-1 (47) Tyehimba,B (2230)-Fenster,D Chicago 1996}) 14. dxe4 {[%emt 0:00:17]} bxc3 {[%emt 0:00:21]} 15. bxc3 {[%emt 0:00:26]} Rb8 {[%emt 0:01:24]} 16. Nd2 {[%emt 0:15:58]} Bc5 {[%emt 0:11:44]} 17. Bc4 {[%emt 0:01:55]} Qc8 {[%emt 0:03:04]} 18. Qe2 {[%emt 0:11:20]} Qb7 {[%emt 0:07:53]} (18... Ra8 $16 19. Nb3 Be7) 19. Nb3 {[%emt 0:09:34]} ({Don't play} 19. Bxa6 $6 Qa7 $16) (19. Nf3 $18) 19... Bd6 {[%emt 0:02:31]} 20. Bg5 {[%emt 0:04:11]} Na7 {[%emt 0:06:47]} 21. Bxf6 {[%emt 0:14:02]} gxf6 {[%emt 0:00:06]} 22. Rad1 {[%emt 0:00:50]} Nb5 {[%emt 0:07:22]} 23. Qg4+ {[%emt 0:01:37]} Kh8 {[%emt 0:00:36]} 24. Qf5 {[%emt 0:01:55]} Be7 {[%emt 0:00:43]} 25. Bxb5 {[%emt 0:03:22]} Qxb5 {[%emt 0:01:02]} 26. Rd7 {[%emt 0:00:29]} Bd8 {[%emt 0:07:22]} 27. Nd2 {[%emt 0:08:00]} c5 {[%emt 0:03:31]} 28. Nf1 {[%emt 0:00:58]} Qc6 $18 {[%emt 0:01:54]} 29. Red1 {[%emt 0:00:49]} Qe6 {[%emt 0:00:07]} 30. Qh5 {[%emt 0:03:35]} Be7 {[%emt 0:00:07]} 31. Ne3 {[%emt 0:00:38]} Rb1 {[%emt 0:03:14]} 32. Kh2 {[%emt 0:02:33]} Rxd1 {[%emt 0:01:31]} 33. Qxd1 {[%emt 0:00:12]} Rc8 {[%emt 0:05:12]} 34. c4 {[%emt 0:03:03]} Kg8 {[%emt 0:00:39]} 35. Nf5 {[%emt 0:00:51]} Bf8 {[%emt 0:00:08]} 36. Qg4+ {[%emt 0:00:44]} Kh8 {[%emt 0:00:29]} 37. Re7 {[%emt 0:01:54]} 1-0